000 00466nmm a2200157Ia 4500
008 251105s9999||||xx |||||||||||||||||und||
020 _a9788467173116
041 _aspa
100 _aCornick, Nicola
245 0 _aEl rumor de un escándalo
264 _a[Madrid, España] :
_bHarlequin,
_c[Fecha de publicación no identificada]
300 _a0 páginas
650 _aHistorical fiction
856 _uhttps://public.digitaliapublishing.com/a/95965
942 _cCF
999 _c83553
_d83553